000 00326nam a2200121Ia 4500
008 240624s9999 xx 000 0 und d
041 _aeng
082 _a658.7 COY
100 _aCOYLE JOHN J
245 _aLOGISTICS APPROACH TO SUPPLY CHAIN MANAG
260 _c2012
_aNew Delhi
_bCengage Learning
300 _a513 , p. , 23 : cm.
999 _c28820
_d28820